| 000 | 00914cam a22002773a 4500 | ||
|---|---|---|---|
| 001 | 771 | ||
| 003 | PGUSA | ||
| 005 | 20140828082952.0 | ||
| 008 | 970101s1997||||xxu|||||s|||||000 | eng d | ||
| 040 |
_aPGUSA _beng |
||
| 042 | _adc | ||
| 050 | 4 | _aPR | |
| 100 | 1 |
_aBrontë, Charlotte, _d1816-1855 |
|
| 245 | 1 | 0 |
_aBiographical Notes on the Pseudonymous Bells _h[electronic resource] / _cCharlotte Brontë |
| 260 |
_bProject Gutenberg, _c1997 |
||
| 505 | 0 | _aBiographical Notice of Ellis and Acton Bell -- Editor's Preface to the New Edition of 'Wuthering Heights.' | |
| 506 | _aPublic domain in the USA. | ||
| 516 | _aElectronic text | ||
| 653 | _aAuthors, English -- 19th century -- Biography | ||
| 653 | _aBrontë family | ||
| 653 | _aBrontë, Anne, 1820-1849 | ||
| 653 | _aBrontë, Emily, 1818-1848 | ||
| 830 | 0 |
_aProject Gutenberg _v771 |
|
| 856 | 4 | 0 | _uhttp://www.gutenberg.org/ebooks/771 |
| 942 | _cEB | ||
| 999 |
_c230122 _d230122 |
||